| Tag |
First Indicator |
Second Indicator |
Subfields |
| LEADER |
00000cam a2200000Ia 4500 |
| 001 |
in00004508721 |
| 005 |
20191204153316.0 |
| 008 |
080319s2008 gw a b 001 0 eng d |
| 010 |
|
|
|a 2008920670
|
| 020 |
|
|
|a 3540773487
|
| 020 |
|
|
|a 9783540773481
|
| 029 |
1 |
|
|a OHX
|b har070164825
|
| 029 |
1 |
|
|a NLGGC
|b 312687745
|
| 035 |
|
|
|a (OCoLC)ocn213479378
|
| 035 |
|
|
|a (OCoLC)213479378
|
| 035 |
|
|
|z (UtOrBLW)46922
|
| 035 |
|
|
|a 67216
|
| 040 |
|
|
|a YDXCP
|c YDXCP
|d BTCTA
|d BAKER
|d OHX
|d NLGGC
|d PFM
|d SCB
|d AGL
|d TMV
|d UtOrBLW
|
| 049 |
|
|
|a TMVM
|c 1
|
| 060 |
|
4 |
|a QW 504
|b C976 v.325 2008
|
| 070 |
0 |
|
|a QR201.C94
|b H86 2008
|
| 084 |
|
|
|a 44.43
|2 bcl
|
| 084 |
|
|
|a 44.45
|2 bcl
|
| 090 |
|
|
|a QR201.C94
|b H86 2008
|
| 245 |
0 |
0 |
|a Human cytomegalovirus /
|c Thomas E. Shenk, Mark F. Stinski, editors.
|
| 264 |
|
1 |
|a Berlin :
|b Springer,
|c [2008]
|
| 264 |
|
4 |
|c ©2008
|
| 300 |
|
|
|a xiii, 475 pages :
|b illustrations (some color) ;
|c 24 cm.
|
| 336 |
|
|
|a text
|2 rdacontent
|b txt
|
| 337 |
|
|
|a unmediated
|2 rdamedia
|
| 338 |
|
|
|a volume
|2 rdacarrier
|b nc
|
| 490 |
1 |
|
|a Current topics in microbiology and immunology ;
|v v. 325
|
| 504 |
|
|
|a Includes bibliographical references and index.
|
| 505 |
0 |
|
|a Human cytomegalovirus genome -- Human cytomegalovirus microRNAs -- Mutagenesis of the cytomegalovirus genome -- Cytomegalovirus cell tropism -- Virus entry and innate immune activation -- Functions of human cytomegalovirus tegument proteins prior to immediate early gene expression -- Initiation of cytomegalovirus infection at ND10 -- Functional roles of the human cytomegalovirus essential IE86 protein -- Nuts and bolts of human cytomegalovirus lytic DNA replication -- Interactions of human cytomegalovirus proteins with the nuclear transport machinery -- Structure and formation of the cytomegalovirus virion -- Human cytomegalovirus modulation of signal transduction -- Chemokines and chemokine receptors encoded by cytomegaloviruses -- Subversion of cell cycle regulatory pathways -- Modulation of host cell stress responses by human cytomegalovirus -- Control of apoptosis by human cytomegalovirus -- Aspects of human cytomegalovirus latency and reactivation -- Murine model of cytomegalovirus latency and reactivation -- Cytomegalovirus immune evasion -- Cytomegalovirus vaccine development -- Cytomegalovirus infection in the human placenta : maternal immunity and developmentally regulated receptors on trophoblasts converge -- Mechanisms of cytomegalovirus-accelerated vascular disease : induction of paracrine factors that promote angiogenesis and wound healing -- Manifestations of human cytomegalovirus infection : proposed mechanisms of acute and chronic disease.
|
| 650 |
|
0 |
|a Cytomegalovirus infections.
|
| 650 |
|
0 |
|a Cytomegaloviruses.
|
| 650 |
|
2 |
|a Cytomegalovirus Infections.
|
| 650 |
|
2 |
|a Cytomegalovirus.
|
| 700 |
1 |
|
|a Shenk, Thomas.
|
| 700 |
1 |
|
|a Stinski, Mark.
|
| 830 |
|
0 |
|a Current topics in microbiology and immunology ;
|v 325.
|
| 999 |
|
|
|a MARS
|
| 999 |
f |
f |
|s d121f5dc-3d1a-3d42-a31f-df9faee099b7
|i e65b2e18-5f47-3c86-ac43-4b16f5c23f4b
|t 0
|
| 952 |
f |
f |
|p ric
|a Texas A&M University
|b Rellis Campus
|c Joint Library Facility
|d Remote Storage
|t 0
|e QW 504 C976 v.325 2008
|h National Library of Medicine classification
|i unmediated -- volume
|m 3238902047599
|
| 998 |
f |
f |
|a QW 504 C976 v.325 2008
|t 0
|l Remote Storage
|